The economics of environmental degradation : tragedy for the commons ?

Saved in:
Bibliographic Details
Other Authors: Swanson, Timothy M. (Editor)
Format: Book
Language:English
Published: Cheltenham : Edward Elgar, c1996
Subjects:
Tags: Add Tag
No Tags, Be the first to tag this record!

MARC

LEADER 00000nam a2200000 i 4500
001 1/105826
008 000329s1996 eng d
020 |a 1-85898-486-6 
035 |l 10059400 
040 |a GR-MY-UA  |b gre  |e aacr 
041 0 |a eng 
082 0 |a 333.7 
245 1 4 |a The economics of environmental degradation :  |b tragedy for the commons ? /  |c Edited by Timothy M. Swanson 
260 |a Cheltenham :   |b Edward Elgar,   |c c1996 
300 |a 192 p.  |b fig.; tabl. 
504 |a Includes bibliographical references and index 
650 0 0 |a Natural resources. 
650 0 0 |a Environmental degradation. 
650 0 0 |a Sustainable development. 
650 0 0 |a Externalities (Economics) 
700 1 |a Swanson, Timothy M.  |4 edt 
852 |a INST  |b LESVOS  |e 20000329  |h 333.7 ECO  |p 005100020476  |q 005100020476  |t BK  |y 0 
901 |a BIBL1-2000-1 
909 |a Λ  |b 076705 
922 |a 1ΕΛΗ  |b 200003  |c ΚΠΣ/ΠΜΣ  |d ΠΑΠΑΣΩΤΗΡΙΟΥ 
950 |a 157-1999-10-15 
970 |a ΜΟΥΣΤΑΚΑ  |b ΠΗΝΕΛΟΠΗ  |z 2000/03/31